|
|
|
|
| LEADER |
00000cam a2200000 c 4500 |
| 001 |
1077466676 |
| 003 |
DE-627 |
| 005 |
20240329080749.0 |
| 007 |
tu |
| 008 |
850101s1971 gw ||||| 00| ||ger c |
| 016 |
7 |
|
|a 458644099
|2 DE-101
|
| 035 |
|
|
|a (DE-627)1077466676
|
| 035 |
|
|
|a (DE-576)007466676
|
| 035 |
|
|
|a (DE-599)BSZ007466676
|
| 035 |
|
|
|a (OCoLC)833134614
|
| 035 |
|
|
|a (OCoLC)19948322
|
| 035 |
|
|
|a (OCoLC)833134614
|
| 040 |
|
|
|a DE-627
|b ger
|c DE-627
|e rakwb
|
| 041 |
|
|
|a ger
|
| 044 |
|
|
|c XA-DE
|
| 084 |
|
|
|a 04a
|2 sdnb
|
| 084 |
|
|
|a 2
|2 ssgn
|
| 084 |
|
|
|a PH 4600
|2 rvk
|0 (DE-625)rvk/136142:
|
| 084 |
|
|
|a PH 8000
|2 rvk
|0 (DE-625)rvk/136482:
|
| 084 |
|
|
|a 86.36
|2 bkl
|
| 100 |
1 |
|
|a Wieczorek, Eberhard
|0 (DE-627)1233556096
|0 (DE-576)163556091
|4 aut
|
| 109 |
|
|
|a Wieczorek, Eberhard
|a Wieczorek, E.
|
| 245 |
1 |
0 |
|a Strafprozessrecht
|b Leitfaden für Polizeibeamte
|c von Eberhard Wieczorek
|
| 264 |
|
1 |
|a Wiesbaden
|b Bundeskriminalamt
|c 1971
|
| 300 |
|
|
|a 249 S.
|
| 336 |
|
|
|a Text
|b txt
|2 rdacontent
|
| 337 |
|
|
|a ohne Hilfsmittel zu benutzen
|b n
|2 rdamedia
|
| 338 |
|
|
|a Band
|b nc
|2 rdacarrier
|
| 490 |
1 |
|
|a Schriftenreihe des Bundeskriminalamtes
|v 1970,2/3
|
| 583 |
1 |
|
|a Archivierung prüfen
|c 20240324
|f DE-4165
|z 1
|2 pdager
|
| 689 |
0 |
0 |
|d s
|0 (DE-588)4116635-8
|0 (DE-627)105805289
|0 (DE-576)209503211
|a Strafverfahrensrecht
|2 gnd
|
| 689 |
0 |
|
|5 (DE-627)
|
| 689 |
1 |
0 |
|d s
|0 (DE-588)4057795-8
|0 (DE-627)106149458
|0 (DE-576)209123737
|a Strafrecht
|2 gnd
|
| 689 |
1 |
1 |
|d s
|0 (DE-588)4047577-3
|0 (DE-627)106194216
|0 (DE-576)209073985
|a Prozess
|2 gnd
|
| 689 |
1 |
|
|5 (DE-627)
|
| 810 |
2 |
|
|a Deutschland
|g Bundesrepublik
|b Bundeskriminalamt
|t Schriftenreihe des Bundeskriminalamtes
|v 1970,2/3
|9 1970,2/3
|w (DE-627)130116289
|w (DE-576)015646599
|w (DE-600)504567-8
|x 0433-7166
|7 am
|
| 889 |
|
|
|w (DE-627)221645551
|
| 935 |
|
|
|i mdedup
|
| 936 |
r |
v |
|a PH 4600
|b Gesetzestexte, Kommentare
|k Rechtswissenschaft
|k Strafrecht, Strafverfahrensrecht, Kriminologie
|k Strafverfahrensrecht
|k Allgemeines
|k Gesetzestexte, Kommentare
|0 (DE-627)1272124088
|0 (DE-625)rvk/136142:
|0 (DE-576)202124088
|
| 936 |
r |
v |
|a PH 8000
|b Schriftenreihen, Serien, Kongressberichte, Sammelwerke
|k Rechtswissenschaft
|k Strafrecht, Strafverfahrensrecht, Kriminologie
|k Kriminologie
|k Allgemeines
|k Schriftenreihen, Serien, Kongressberichte, Sammelwerke
|0 (DE-627)127212715X
|0 (DE-625)rvk/136482:
|0 (DE-576)20212715X
|
| 936 |
b |
k |
|a 86.36
|j Strafprozessrecht
|0 (DE-627)106413570
|
| 951 |
|
|
|a BO
|
| ELC |
|
|
|b 1
|
| LOK |
|
|
|0 000 xxxxxcx a22 zn 4500
|
| LOK |
|
|
|0 001 2058684117
|
| LOK |
|
|
|0 003 DE-627
|
| LOK |
|
|
|0 004 1077466676
|
| LOK |
|
|
|0 005 20020607000000
|
| LOK |
|
|
|0 008 940425||||||||||||||||ger|||||||
|
| LOK |
|
|
|0 040
|a DE-21-110
|c DE-627
|d DE-21-110
|
| LOK |
|
|
|0 852
|z 2 Expl.
|
| LOK |
|
|
|0 852
|a DE-21-110
|
| LOK |
|
|
|0 852 1
|c S XIV 31
|m p
|9 00
|
| LOK |
|
|
|0 935
|a k110
|
| LOK |
|
|
|0 936ln
|a 4.6.5
|
| LOK |
|
|
|0 938
|k p
|
| LOK |
|
|
|0 939
|a 25-04-94
|b l01
|
| ORI |
|
|
|a SA-MARC-krimdoka001.raw
|